[Event "Canadian op"]
[Site "Edmonton"]
[Date "2009.07.15"]
[Round "5.61"]
[White "Du, Howard"]
[Black "Usselman, Paul"]
[Result "0-1"]
[WhiteElo "1655"]
[BlackElo "1886"]
[PlyCount "49"]
[EventDate "2009.07.11"]
[EventType "swiss"]
[EventRounds "9"]
[EventCountry "CAN"]
[SourceTitle "EXT 2022"]
[Source "ChessBase"]
[SourceDate "2021.10.06"]
[SourceVersion "1"]
[SourceVersionDate "2021.10.06"]
[SourceQuality "1"]

1. d4 d5 2. e3 Nf6 3. c4 c6 4. Nc3 e6 5. Nf3 Bd6 6. Bd3 Nbd7 7. 0-0 0-0 8. c5 Bc7 9. b4 e5 10. Be2 e4 11. Nd2 b6 12. f3 Re8 13. Rb1 a5 14. b5 bxc5 15. dxc5 Nxc5 16. Ba3 Nd3 17. Bxd3 exd3 18. bxc6 Rxe3 19. Bc5 d4 20. Nc4 Re6 21. Na4 Ba6 22. Ncb6 Rb8 23. Qd2 Rxc6 24. Qxa5 Bc4 25. Rb2 0-1